<?xml version="1.0" encoding="UTF-8"?>
<record
    xmlns:xsi="http://www.w3.org/2001/XMLSchema-instance"
    xsi:schemaLocation="http://www.loc.gov/MARC21/slim http://www.loc.gov/standards/marcxml/schema/MARC21slim.xsd"
    xmlns="http://www.loc.gov/MARC21/slim">

  <leader>01083cam8a220030100 4500</leader>
  <controlfield tag="001">lce00767760</controlfield>
  <controlfield tag="008">720915s1973    nyua     b    000 0 eng  </controlfield>
  <datafield tag="010" ind1=" " ind2=" ">
    <subfield code="a">   72008781 //r862</subfield>
  </datafield>
  <datafield tag="020" ind1=" " ind2=" ">
    <subfield code="a">0471531553</subfield>
  </datafield>
  <datafield tag="035" ind1=" " ind2=" ">
    <subfield code="a">(Sirsi) r45256</subfield>
  </datafield>
  <datafield tag="035" ind1=" " ind2=" ">
    <subfield code="a">(DLC)   72008781 //r862</subfield>
  </datafield>
  <datafield tag="035" ind1=" " ind2=" ">
    <subfield code="a">(UPRA)lce00767760</subfield>
  </datafield>
  <datafield tag="040" ind1=" " ind2=" ">
    <subfield code="d">UPRA</subfield>
  </datafield>
  <datafield tag="050" ind1="0" ind2=" ">
    <subfield code="a">QR41.2</subfield>
    <subfield code="b">.L48</subfield>
  </datafield>
  <datafield tag="060" ind1=" " ind2=" ">
    <subfield code="a">QW4 L668i 1973</subfield>
  </datafield>
  <datafield tag="082" ind1=" " ind2=" ">
    <subfield code="a">576</subfield>
  </datafield>
  <datafield tag="100" ind1="1" ind2=" ">
    <subfield code="a">Levy, Julia G., 1934-</subfield>
    <subfield code="d">Levy, Julia G., 1934-</subfield>
    <subfield code="6">A2916.1</subfield>
  </datafield>
  <datafield tag="245" ind1="1" ind2="0">
    <subfield code="a">Introductory microbiology /</subfield>
    <subfield code="c">[by] Julia Levy, Jack J.R. Campbell [and] T. Henry Blackburn.</subfield>
  </datafield>
  <datafield tag="260" ind1=" " ind2=" ">
    <subfield code="a">New York :</subfield>
    <subfield code="b">Wiley,</subfield>
    <subfield code="c">[1973]</subfield>
  </datafield>
  <datafield tag="504" ind1=" " ind2=" ">
    <subfield code="a">Includes bibliographies.</subfield>
  </datafield>
  <datafield tag="650" ind1=" " ind2="0">
    <subfield code="a">Microbiology.</subfield>
    <subfield code="6">S210.1</subfield>
  </datafield>
  <datafield tag="650" ind1=" " ind2="2">
    <subfield code="a">Microbiology.</subfield>
    <subfield code="6">S210.1</subfield>
  </datafield>
  <datafield tag="700" ind1="1" ind2=" ">
    <subfield code="a">Campbell, Jack James Ramsay, 1918-</subfield>
    <subfield code="d">Campbell, Jack James Ramsay, 1918-</subfield>
    <subfield code="6">A2917.1</subfield>
  </datafield>
  <datafield tag="700" ind1="1" ind2=" ">
    <subfield code="a">Blackburn, T. Henry (Thomas Henry), 1933-</subfield>
    <subfield code="q">Blackburn, T. Henry (Thomas Henry), 1933-</subfield>
    <subfield code="d">Blackburn, T. Henry (Thomas Henry), 1933-</subfield>
    <subfield code="6">A2918.1</subfield>
  </datafield>
  <datafield tag="949" ind1=" " ind2=" ">
    <subfield code="a">QR41.2</subfield>
    <subfield code="w">lcc</subfield>
    <subfield code="m">MAIN</subfield>
    <subfield code="t">BOOK</subfield>
    <subfield code="l">ON-SHELF</subfield>
  </datafield>
  <controlfield tag="004">45256</controlfield>
  <datafield tag="987" ind1=" " ind2=" ">
    <subfield code="a">WITHDRAWN.</subfield>
  </datafield>
  <datafield tag="999" ind1=" " ind2=" ">
    <subfield code="c">164666</subfield>
    <subfield code="d">164666</subfield>
  </datafield>
</record>
